Szczegóły MARC21

Rynki finansowe : przewodnik encyklopedyczny /

005 -DATA I CZAS OSTATNIEJ MODYFIKACJI [,]
    • @
    • pole kontrolne
    • 20070315155141.9
020 -Międzynarod. znormalizowany nr książki - ISBN [ , ]
    • a
    • Numer ISBN
    • 8388597574 Find
040 -Instytucja sporządzająca opis [ , ]
    • a
    • Instytucja, która sporządziła opis (NP)
    • SZCZ U
    • c
    • Instytucja, która sporządziła rekord (NP)
    • SZCZ U
041 -Język dokumentu [1, ]
    • a
    • Język tekstu (P)
    • polski
    • h
    • Język tekstu oryginalnego i/lub pośredniego (P)
    • angielski
942 -Rodzaj dokumentu [ , ]
    • c
    • Rodzaj dokumentu
    • Książka
100 -Hasło główne - nazwa osobowa [ , ]
    • a
    • Nazwa osobowa (NP)
    • STEINER, ROBERT
245 -Strefa tytułu i oznaczenia odpowiedzialności [1, ]
    • a
    • Tytuł
    • Rynki finansowe : Find
    • b
    • Ciąg dalszy tytułu (NP)
    • przewodnik encyklopedyczny / Find
    • c
    • Pozostałe elementy strefy tytułu i oznaczenia odpowiedzialności (NP)
    • Robert Steiner.
260 -Strefa adresu wydawniczego [ , ]
    • a
    • Miejsce wydania (P)
    • Kraków :
    • b
    • Nazwa wydawcy (P)
    • Ofic.Ekonomiczna,
    • c
    • Data wydania (P)
    • 2002.
300 -Strefa opisu fizycznego [ , ]
    • a
    • Określenie formy książki i/lub objętość (NP)
    • 309 s. :
    • c
    • Format (NP)
    • 24 cm.
490 -Strefa serii i książki wielotomowej - forma nie do wyszukiwania [0, ]
    • a
    • Tytuł (P)
    • (Biblioteka Praktyków Zarządzania) Find
500 -Uwaga ogólna [ , ]
    • a
    • Uwaga ogólna (NP)
    • Przeł. z jęz. ang. - Ind
080 -Uniwersalna Klasyfikacja Dziesiętna [ , ]
    • a
    • Symbol klasyfikacji
    • 336.7
    • 9
    • UKD
    • 3164
    • 2
    • Identyfikator wydania tablic
    • UDC-P058
    • b
    • Dopowiedzenie
    • Pieniądz. System monetarny. Bankowość. Giełdy.
980 -Symbol UKD [ , ]
    • a
    • UKD
    • 336.7
920 -ISBN [ , ]
    • a
    • ISBN
    • 83-88597-57-4 Find
Numer inwentarzowy Status udost. Data inwentaryzacji Lokalizacja
S.90297-32003-03-07BE
TM.640-32003-03-07T
TM.137122003-04-24T